KOHA-Header-6

Digital Communication System (Record no. 1750)

000 -LEADER
fixed length control field 00296nam a2200121Ia 4500
008 - FIXED-LENGTH DATA ELEMENTS--GENERAL INFORMATION
fixed length control field 190723s9999 xx 000 0 und d
020 ## - INTERNATIONAL STANDARD BOOK NUMBER
International Standard Book Number 978-81-265-4231-4
100 ## - MAIN ENTRY--PERSONAL NAME
Personal name Simon Haykin
245 #0 - TITLE STATEMENT
Title Digital Communication System
260 ## - PUBLICATION, DISTRIBUTION, ETC. (IMPRINT)
Place of publication, distribution, etc New Delhi
Name of publisher, distributor, etc Wiley
Date of publication, distribution, etc 2014
300 ## - PHYSICAL DESCRIPTION
Extent 800.:p
942 ## - ADDED ENTRY ELEMENTS (KOHA)
Koha item type Books
Holdings
Withdrawn status Lost status Source of classification or shelving scheme Damaged status Not for loan Collection code Permanent Location Current Location Shelving location Date acquired Full call number Barcode Date last seen Price effective from Koha item type
          Electrical Engineering MAJU MAJU   2019-07-23 4.6 8373 2019-07-23 2019-07-23 Electrical Engineering

Powered by Koha